The "Mundic" Problem Supplement to Second Edition - Stage 3 Expansion Testing (Record no. 107523)
[ view plain ]
| 000 -LEADER | |
|---|---|
| fixed length control field | 01053cam a22002535a 4500 |
| 001 - CONTROL NUMBER | |
| control field | L140633 |
| 008 - FIXED-LENGTH DATA ELEMENTS--GENERAL INFORMATION | |
| fixed length control field | 071002s2005 xxkd f 000 0 eng d |
| 020 ## - INTERNATIONAL STANDARD BOOK NUMBER | |
| International Standard Book Number | 1842192213 |
| 035 ## - SYSTEM CONTROL NUMBER | |
| System control number | (Sirsi) u140633 |
| 041 0# - LANGUAGE CODE | |
| Language code of text/sound track or separate title | eng |
| 050 04 - LIBRARY OF CONGRESS CALL NUMBER | |
| Classification number | 693.97 $2 18 |
| 110 2# - MAIN ENTRY--CORPORATE NAME | |
| Corporate name or jurisdiction name as entry element | Royal Institution of Chartered Surveyors |
| 9 (RLIN) | 4900 |
| 245 04 - TITLE STATEMENT | |
| Title | The "Mundic" Problem Supplement to Second Edition - Stage 3 Expansion Testing |
| 250 ## - EDITION STATEMENT | |
| Edition statement | Revised |
| 260 ## - PUBLICATION, DISTRIBUTION, ETC. | |
| Place of publication, distribution, etc. | London |
| Name of publisher, distributor, etc. | RICS |
| Date of publication, distribution, etc. | 2005 |
| 300 ## - PHYSICAL DESCRIPTION | |
| Extent | 6 |
| Type of unit | leaves |
| Other physical details | ill. |
| Dimensions | 30cm. |
| 490 #0 - SERIES STATEMENT | |
| Series statement | RICS Guidance Note |
| Volume/sequential designation | Addendum |
| 520 ## - SUMMARY, ETC. | |
| Summary, etc. | Updates paras 1.15, 3.1.2, 3.1.6, 3.1.7, 3.4(a), 3.4(c) and 5.3; flow charts one and two; and table one of "The mundic problem : a guidance note" (ISBN 0854068082). |
| 650 24 - SUBJECT ADDED ENTRY--TOPICAL TERM | |
| Topical term or geographic name entry element | MUNDIC PROBLEM A GUIDANCE NOTE |
| 651 #4 - SUBJECT ADDED ENTRY--GEOGRAPHIC NAME | |
| Geographic name | United Kingdom |
| Chronological subdivision | |
| 690 ## - LOCAL SUBJECT ADDED ENTRY--TOPICAL TERM (OCLC, RLIN) | |
| Topical term or geographic name as entry element | BUILT ENVIRONMENT-BUILDING MATERIALS-CEMENTITIOUS, CONCRETE AND MINERAL BOUND MATERIALS-CONCRETE |
| 856 48 - ELECTRONIC LOCATION AND ACCESS | |
| Uniform Resource Identifier | <a href="https://www.rics.org/Global/Downloads/mundic_supplement_Feb05_1_.pdf">https://www.rics.org/Global/Downloads/mundic_supplement_Feb05_1_.pdf</a> |
| Public note | View the addendum at www.rics.org... |
| 942 ## - ADDED ENTRY ELEMENTS (KOHA) | |
| Suppress in OPAC | 0 |
No items available.